Handbook of Drafting Technology

Bibliographic Details
Main Author: Nelson, John A.
Format: Book
Published: New York : Van Nastrand Reinhold , 1981
Subjects:

MARC

LEADER 00000cam a2200000 7i4500
001 0000002668
005 20050427.0
020 |a 0442286627 
040 |a INS 
090 0 0 |a T353.   |b N46 1981 
100 1 |a Nelson, John A. 
245 1 0 |a Handbook of Drafting Technology   |c John A. Nelson 
260 |a New York :   |b Van Nastrand Reinhold ,   |c 1981 
300 |a xi, 353p. :   |b illus ;   |c 27 cm. 
500 |a Includes index 
650 0 0 |a Mechanical drawing 
999 |a 0000000971   |b BOOK   |c Reference   |e Default branch 
999 |a 0000003606   |b BOOK   |c Reference   |e Default branch